| 000 | 00799cam a2200229 a 4500 | ||
|---|---|---|---|
| 001 | 000003154 | ||
| 005 | 20200929150339.0 | ||
| 008 | 830216s1985 mx b 001 0 spa | ||
| 020 | _a9684092814 | ||
| 040 |
_aDO-SdBNP _cDLC _dDLC |
||
| 041 | 1 | 7 |
_aspa _heng _2Código de idioma MARC |
| 043 | _an-mx | ||
| 050 | 0 | 0 |
_aPS225 _b.K48 |
| 082 |
_a810.954 _bK47l |
||
| 100 | 1 |
_aKiernan, Robert F. _99953 |
|
| 245 | 1 | 0 |
_aLiteratura estadounidense contemporánea : _bestudio crítico a partir de 1945 / _cRobert F. Kiernan ; traductor, Aurora Merino Villar. |
| 260 |
_aMéxico : _bAsociados Mexicanos, _c1985. |
||
| 300 |
_a190 p. ; _c19cm. |
||
| 650 | 4 |
_aLiteratura estadounidense _xHistoria y crítica _ySIGLO XIX _99954 |
|
| 700 | 1 |
_aMerino Villar, Aurora _etr. _99955 |
|
| 910 | _aCatalogación por copia / LC | ||
| 999 |
_c2985 _d2985 |
||